Score 0/40 Timer 08:00
0 Plays Today
% Correct
Grease
70.9%
Annie
68.4%
Cats
61.7%
Wicked
49.7%
Hair
49.5%
Camelot
47.2%
Cabaret
45.6%
Hamilton
36.8%
Flashdance
30.5%
Matilda
26.6%
Heathers
25.9%
Hairspray
23.4%
Cinderella
22.2%
Frozen
22.2%
Chess
21.3%
Chicago
21.1%
Rent
15.7%
Company
15.5%
Carousel
15.1%
Hadestown
14.6%
% Correct
Pippin
10.9%
Dreamgirls
10.8%
Bandstand
10.2%
Curtains
10%
Once
10%
Memphis
9.9%
Baby
9.8%
Xanadu
9.8%
Shrek
8.9%
Diana
7.9%
Eugenius
7.7%
Honk
7.5%
Titanic
7.5%
Tootsie
7.5%
Ghost
7.4%
Smile
7.4%
Wonderland
6.5%
Ruthless
6.3%
Taboo
6.2%
Nine
5.7%
Remove Ads.
Support Sporcle.
Get the best of Sporcle when you Go Orange. This ad-free experience offers more features, more stats, and more fun while also helping to support Sporcle. Thank you for becoming a member.

You're not logged in!

Compare scores with friends on all Sporcle quizzes.
OR
Log In

Sporcle TV

Today on Sporcle TV


Watch our educational content, quiz creation guides, and fun videos on Sporcle TV.

Show Comments

Extras

Top Quizzes Today


Score Distribution

Paid Content

Your Account Isn't Verified!

In order to create a playlist on Sporcle, you need to verify the email address you used during registration. Go to your Sporcle Settings to finish the process.

Report this User

Report this user for behavior that violates our Community Guidelines.

Details: